00298 a2200097 4500082001700000100002300017245007200040260003800112300002700150650002300177 a624.1834 KRI aKrishanaswamy,K.T. aLimit Design of Reinforced Concrete Structures /cK.T.Krishanaswamy aDelhi :cKhanna Publishers,b1998 a176p. :bill . ;c20cm aconcrete structure